000 00444nam a2200181Ia 4500
001 5119
005 20260306145845.0
008 260306t1999||||xx |||||||||||||| ||spa||
041 _aESP
082 _a333.7
_bI59
100 _aInstituto Nacional de Protección del Medio Ambiente para la Salud
_eAUT
245 0 _aNegociación y ambiente
260 _c1999
300 _a
_c
650 _aGEN
654 _aCAN
942 _cLIB
_dJUS
_fJUS
_2ddc
_n
999 _c5119
_d5119